00354nam a2200109Ia 4500008004100000041001200041082002300053100003500076245008400111260003800195300001100233231217s9999 xx 000 0 und d aEnglish a001.6424 BRU `R' aBruegge, Bernd Dutoit, Allen H 0aObject -oriented software engineering : Conquering complex and changing systems c2000bNew Jersey : Prentice-Hall, axx+553